Innonde dari. (Record no. 78034)
[ view plain ]
| 000 -LEADER | |
|---|---|
| fixed length control field | 00529nam a2200193Ia 4500 |
| 003 - CONTROL NUMBER IDENTIFIER | |
| control field | OSt |
| 005 - DATE AND TIME OF LATEST TRANSACTION | |
| control field | 20240404153821.0 |
| 008 - FIXED-LENGTH DATA ELEMENTS--GENERAL INFORMATION | |
| fixed length control field | 210210b1968 xxu||||| |||| 00| 0 eng d |
| 040 ## - CATALOGING SOURCE | |
| Transcribing agency | AL |
| 041 ## - LANGUAGE CODE | |
| Language code of text/sound track or separate title | Kannada |
| 082 ## - DEWEY DECIMAL CLASSIFICATION NUMBER | |
| Classification number | K894.3 SHII |
| 100 ## - MAIN ENTRY--PERSONAL NAME | |
| Personal name | SHIVARAMA KARANTA. |
| 9 (RLIN) | 92964 |
| Dates associated with a name | ಶಿವರಾಮ ಕಾರಂತ |
| 245 ## - TITLE STATEMENT | |
| Title | Innonde dari. |
| Remainder of title | ಇನ್ನೊಂದೇ ದಾರಿ |
| 260 ## - PUBLICATION, DISTRIBUTION, ETC. | |
| Place of publication, distribution, etc. | Putturu |
| Name of publisher, distributor, etc. | Harsha Prakatanalaya |
| Date of publication, distribution, etc. | 1968 |
| 300 ## - PHYSICAL DESCRIPTION | |
| Extent | 304 |
| 690 ## - LOCAL SUBJECT ADDED ENTRY--TOPICAL TERM (OCLC, RLIN) | |
| Topical term or geographic name as entry element | Kannada Fiction |
| 9 (RLIN) | 92965 |
| 906 ## - LOCAL DATA ELEMENT F, LDF (RLIN) | |
| a | 026728 |
| 942 ## - ADDED ENTRY ELEMENTS (KOHA) | |
| Source of classification or shelving scheme | Dewey Decimal Classification |
| Koha item type | Book |
| Withdrawn status | Lost status | Source of classification or shelving scheme | Damaged status | Not for loan | Collection code | Home library | Current library | Date acquired | Cost, normal purchase price | Total Checkouts | Full call number | Barcode | Date last seen | Price effective from | Koha item type |
|---|---|---|---|---|---|---|---|---|---|---|---|---|---|---|---|
| Dewey Decimal Classification | Kannada | St Aloysius Library | St Aloysius Library | 02/17/2021 | 4.50 | K894.3 SHII | 026728 | 02/17/2021 | 02/17/2021 | Book |